| 000 | 00554nam a22001817a 4500 | ||
|---|---|---|---|
| 005 | 20230617032316.0 | ||
| 008 | 230123b |||||||| |||| 00| 0 eng d | ||
| 020 | _a978-0-85702-518-0 | ||
| 082 | _a394.2068 R741 2013 | ||
| 100 |
_aRojek, Chris _eauthor |
||
| 245 |
_aEvent power: _bhome global events manage and manipulate / _cChris Rojek |
||
| 260 |
_aLos Angeles: _bSage, _cc2013. |
||
| 300 | _axiii, 202p. | ||
| 504 | _aIncludes references and index | ||
| 541 | _e5796 | ||
| 650 | _aSpecial events - Management | ||
| 650 | _aPower (Social Sciences) | ||
| 999 |
_c597 _d597 |
||